000
00283nam a2200109 a 4500
005
20140414093833.0
008
970109s19uu xx 00 eng d
050
_a
VHS 700
_b
OR 17
245
_a
Music Magic Video Library :
_b
Wind Instruments: Brass.
942
_c
AVM
999
_c
108821
_d
108821